000 00507nam a2200181Ia 4500
999 _c30213
_d30213
003 OSt
005 20201228103428.0
008 190216s9999||||xx |||||||||||||| ||und||
020 _a9788192782256
040 _coclc
082 _a894.812301
_bAJI/S
100 _aAjirkutty, K M
_97894
245 0 _aSufi Kathakal /
_cK M Ajirkutty
260 _bRasbery Books,
_c2018.
_aKozhikode:
300 _a98p
650 _aMalayalam
942 _cBK
_2ddc
_h894.812301
_iAJI/S
_k894.812301
_mAJI/S